| 000 | 03423cam a22006014i 4500 | ||
|---|---|---|---|
| 003 | PE-LiUPU | ||
| 005 | 20250731184558.0 | ||
| 008 | 150706s2010 pe a r 000 0 spa d | ||
| 020 | _a9786124011351 | ||
| 035 | _a(Sirsi) i9786124011351 | ||
| 040 |
_aPE-LiUPU _bspa _cPE-LiUPU _erda |
||
| 049 | _aPRUA | ||
| 082 | 0 | 4 |
_a930.10185 _bE61 _221 |
| 082 | 0 | 4 |
_a985.01 _bE61 2010 |
| 100 | 1 |
_aEngel, Frédéric André, _eautor. |
|
| 245 | 1 | 0 |
_aArqueología inédita de la costa peruana : _bcuencas de los valles de Pisco, San Juan de Chincha, Jaguay, Cañete, Omas y Mala, chozas, aldeas y pueblos en la costa peruana preurbanizada / _cFrédéric André Engel. |
| 264 | 1 |
_aLima : _bAsamblea Nacional de Rectores, _c2010. |
|
| 300 |
_a348 páginas : _bilustraciones ; _c24 centímetros |
||
| 336 |
_atext _2rdacontent |
||
| 337 |
_aunmediated _2rdamedia |
||
| 338 |
_avolume _2rdacarrier |
||
| 505 | 0 | _aLa cuenca del río Pisco -- Descripción de los sitios -- Clasificación de los asentamientos por ambientes y/o estructuras -- Relación de los asentamientos descritos -- San Juan de Chincha -- Cuenca del topará o Jaguay -- Cañete -- Cuenca del Omas y el río grande de Asia -- Cuenca del Mala -- Chozas, aldeas y pueblos en la costa peruana preurbanizada. | |
| 526 | _aP136 | ||
| 526 | _aP135 | ||
| 526 | _aP134 | ||
| 526 | _aP133 | ||
| 526 | _aP144 | ||
| 526 | _aP143 | ||
| 526 | _aP87 | ||
| 526 | _aP35 | ||
| 526 | _aP20 | ||
| 526 | _aP14 | ||
| 526 | _aP10 | ||
| 526 | _aP06 | ||
| 650 | 1 | 4 |
_aArqueología _zPerú _zRegión de la Costa. |
| 651 | 4 |
_aCosta, Región de la (Perú) _xAntigüedades. |
|
| 910 |
_bjv _clch _d20110412 |
||
| 910 |
_tqv _d20171019 |
||
| 942 |
_2ddc _cBOOK |
||
| 949 |
_a930.10185 E61 _wDEWEY _c1 _i62765 _lCCODEBUL1 _mBUL _p19.00 _r0 _sY _tBOOK _u2015-7-6 _xTEOLOGIA _zUNKNOWN _0COMPRA _o.STAFF. Colección Teología |
||
| 949 |
_a930.10185 E61 _wDEWEY _c2 _i62753 _d2016-10-6 _e2016-10-3 _lCCODEBUL1 _mBUL _n3 _p18.00 _r0 _sY _tBOOK _u2015-7-6 _xEDUCACION _zUNKNOWN _0COMPRA _o.STAFF. Colección Teología |
||
| 949 |
_a985.01 _bE61 2010 _wDEWEY _c1 _iFJ09039 _lCCODEBUJ1 _mBUJ _p19.00 _r0 _sY _tBOOK _u2017-10-19 _xEDUCACIÓN _PP14 _0COMPRA _o.STAFF. Colección General Juliaca |
||
| 949 |
_a985.01 _bE61 2010 _wDEWEY _c2 _iFJ09040 _lCCODEBUJ1 _mBUJ _p19.00 _r0 _sY _tBOOK _u2017-10-19 _xEDUCACIÓN _PP14 _0COMPRA _o.STAFF. Colección General Juliaca |
||
| 994 |
_aC0 _bPEPRU |
||
| 596 | _a1 3 | ||
| 999 |
_a930.10185 E61 _wDEWEY _c51817 _i62765 _f2021-11-11 _g5 _lCCODEBUL1 _mBUL _p19.00 _r0 _sY _tBOOK _u2015-7-6 _xTEOLOGIA _PP35 _0COMPRA _o.STAFF. Colección Teología _d51817 |
||
| 999 |
_a930.10185 E61 _wDEWEY _c2 _i62753 _d2018-11-28 _e2016-10-3 _f2021-11-9 _g5 _lCCODEBUL1 _mBUL _n3 _p18.00 _q2 _r0 _sY _tBOOK _u2015-7-6 _xEDUCACION _zUNKNOWN _0COMPRA _o.STAFF. Colección General |
||
| 999 |
_a930.10 E61 2010 _wDEWEY _c1 _iFJ09039 _d2018-8-21 _e2018-8-20 _f2019-11-19 _g4 _lCCODEBUJ1 _mBUJ _n1 _p19.00 _q1 _r0 _sY _tBOOK _u2017-10-19 _xEDUCACION _PP14 _0COMPRA _o.STAFF. Colección General Juliaca |
||
| 999 |
_a930.10 E61 2010 _wDEWEY _c2 _iFJ09040 _f2022-2-2 _g5 _lCCODEBUJ1 _mBUJ _p19.00 _r0 _sY _tBOOK _u2017-10-19 _xEDUCACION _PP14 _0COMPRA _o.STAFF. Colección General Juliaca |
||
| 980 |
_81 _gALBERTO SANCHEZ Responsable de Automatización |
||